Nelineární obvody

Salvato in:
Dettagli Bibliografici
Autori principali: Kotek, Zdeněk (Autore), Kubík, Stanislav (Autore)
Natura: Libro
Lingua:ceco
Pubblicazione: Praha : SNTL, 1962
Edizione:1. vyd.
Tags: Aggiungi Tag
Nessun Tag, puoi essere il primo ad aggiungerne!!

MARC

LEADER 00000nam a22000003a 4500
001 stu53358
005 20150617225703.0
008 000427s1962----cs------------------cze-d
040 |a STU  |b slo 
041 0 |a cze 
044 |a cs 
080 |a 621.372.44-501.14 
100 1 |a Kotek, Zdeněk  |4 aut 
245 1 |a Nelineární obvody 
250 |a 1. vyd. 
260 |a Praha :  |b SNTL,  |c 1962 
300 |a 213 s 
700 1 |a Kubík, Stanislav  |4 aut 
996 |b 284EK04288  |c E*1825  |l EE01  |s A  |a 24  |w stu53358_0001